Tecnología : ¿para qué?, ¿hacia dónde? artículos, comentarios y ponencias de la IV jornada de encuentro y debate. Organizada por la Escuela de Educación y Humanidades de la Universidad de Viña del Mar (Viña del Mar, octubre de 2004).

Detalles Bibliográficos
Formato: Libro
Lenguaje:español
Publicado: Santiago, Chile Universidad de Viña del Mar 2005

MARC

LEADER 00000cam a2200000 a 4500
001 015876
003 UAHC_CL
005 20170803121315.0
008 051201b2005 cl j 000 1 spa
040 |a UAHC_CL  |c UAHC_CL  |d UAHC_CL 
245 1 0 |a Tecnología :  |b ¿para qué?, ¿hacia dónde? artículos, comentarios y ponencias de la IV jornada de encuentro y debate. Organizada por la Escuela de Educación y Humanidades de la Universidad de Viña del Mar (Viña del Mar, octubre de 2004). 
260 |b Universidad de Viña del Mar  |c 2005  |a Santiago, Chile 
300 |a 113 p. 
500 |a Revista Encuentro y Debate, año 2005 
505 0 |a Tecnología y educación, Pedro Hepp -- Tecnología para la libertad, tecnología para la esclavitud, Jorge Zanelli -- Comentario: No hay tecnología capaz de tomar nuestras decisiones, Pierino Forno -- La tecnología según Heidegger, Jorge Acevedo -- Comentario El sentido de lo que impera en todo cuanto es, Italo Debernardi -- Ética y técnica en el mundo actual, Fernando Longás -- Come, ntario: Fragmento de poema y una imagen pictórica, Francisco Cruz -- Algunas consideraciones sobre la política y el artificio humano (Hannah Arendt), Fina Birulés -- Comentario: Morir con el mundo (o el velamiento de la acción humana), Pablo Aravena -- Ética y técnica en Hans Jonas, Mauricio Schiavetti -- Comentario: Acción, poder y moral, Christian Miranda -- De las cocinas solares rurales a una estación en el Polo Sur, Pedro Serrano -- Comentario: Sobre técnica, soberanía y obra, Philippe Dardel -- Tecnología, cultura y sustentabilidad, Mario Waissbluth -- Sobre tecnología, ética, universidad, desarrollo y globalización, José Maganza 
900 |a 372.358 TEC 
942 |c BK 
952 |0 0  |1 0  |4 0  |6 372_358000000000000_TEC  |7 0  |8 General  |9 31672  |a BC  |b BC  |c General  |d 2017-08-03  |o 372.358 TEC  |p 1351161  |r 2026-01-13 00:00:00  |t 1  |w 2017-08-03  |y BK 
999 |c 15876  |d 15876